Música-poesía (Record no. 169636)

MARC details
000 -LEADER
campo de control de longitud fija 00772nam a22002415i 4500
001 - NÚMERO DE CONTROL
campo de control 169636
003 - IDENTIFICADOR DE NÚMERO DE CONTROL
campo de control ES-MaACL
005 - FECHA Y HORA DE LA ÚLTIMA TRANSACCIÓN
campo de control 20250823105302.0
008 - DATOS DE LONGITUD FIJA--INFORMACIÓN GENERAL
campo de control de longitud fija 081027s2007 sp |||| | spa d
020 ## - NÚMERO INTERNACIONAL ESTÁNDAR DEL LIBRO
ISBN cancelado o inválido 978-84-7522-018-5
080 ## - NÚMERO DE LA CLASIFICACIÓN DECIMAL UNIVERSAL
Número de la Clasificación Decimal Universal 78
080 ## - NÚMERO DE LA CLASIFICACIÓN DECIMAL UNIVERSAL
Número de la Clasificación Decimal Universal 82-1
100 1# - ENTRADA PRINCIPAL--NOMBRE DE PERSONA
Nombre de persona Halffter, Cristóbal.
9 (RLIN) 61541
245 10 - MENCIÓN DEL TÍTULO
Título Música-poesía
Resto del título : semejanzas y diferencias /
Mención de responsabilidad, etc. Cristóbal Halffter ; prólogo de Luis Antonio de Villena.
260 ## - PUBLICACIÓN, DISTRIBUCIÓN, ETC.
Lugar de publicación, distribución, etc. Madrid :
Nombre del editor, distribuidor, etc. Visor Libros,
Fecha de publicación, distribución, etc. [2007]
300 ## - DESCRIPCIÓN FÍSICA
Extensión 44 p. ;
Dimensiones 21 cm.
490 1# - MENCIÓN DE SERIE
Mención de serie Los otros poetas ;
Designación de volumen o secuencia 3
650 #7 - PUNTO DE ACCESO ADICIONAL DE MATERIA--TÉRMINO DE MATERIA
Término de materia o nombre geográfico como elemento de entrada Música y poesía
Fuente del encabezamiento o término embne
9 (RLIN) 167209
700 1# - ENTRADA AGREGADA--NOMBRE PERSONAL
Nombre de persona Villena, Luis Antonio de,
Fechas asociadas al nombre 1951-
9 (RLIN) 240059
830 0# - PUNTO DE ACCESO ADICIONAL DE SERIE-TÍTULO UNIFORME
Título uniforme Los otros poetas ;
Designación de volumen o secuencia 3
9 (RLIN) 188871
852 4# - LOCALIZACIÓN
Ubicación ES-MaACL
Número de control de estantería 2238-F-3
Holdings
Estatus retirado Estado de pérdida Estado de daño No para préstamo Colección Biblioteca de origen Biblioteca actual Ubicación en estantería Fecha de adquisición Fuente de adquisición Total de préstamos Signatura topográfica completa Código de barras Visto por última vez Precio de reemplazo Tipo de ítem Koha
        Colección de folletos Biblioteca del Ateneo de Madrid Biblioteca del Ateneo de Madrid Depósito folletos 27/10/2008     2238-F-3 1178093 23/02/2023 23/02/2023 Folleto